000 00555nam a2200229Ia 4500
003 OSt
005 20220926041810.0
006 a|||||r|||| 00| 0
007 ta
008 220923b |||||||| |||| 00| 0 eng d
037 _cGeneral Book
040 _aRTL
_cRTL
_beng
041 _2eng
_aeng
082 _aY.73.N5t4, J6
110 _aUNESCO
245 0 _aSociology in the United States of America
260 _c1956
650 _aSociology
700 _aUNESCO
942 _hY.73.N5t4, J6
_cGB
_2CC
999 _c668108
_d668108